000
00290nam a2200109Ia 4500
008
200302s9999 xx 000 0 und d
100
_a
Ananda K. & Other
245
_a
Early Indian Architecture Palaces
260
_b
Munshiram Manoharlal Publishers Pvt. Ltd.
260
_c
1975
300
_a
17 P.,
999
_c
381
_d
381